| 000 | 00582cam a2200181 4500 | ||
|---|---|---|---|
| 001 | WS107505 | ||
| 008 | 000000n 000 0 eng u | ||
| 035 | _a(Sirsi) u107505 | ||
| 110 |
_aShelter _92788 |
||
| 245 | _aShelter | ||
| 520 | _aThis site aims to become a major resource for homelessness and housing issues. It includes links to their journal 'Roof'. | ||
| 650 | _aHOMELESSNESS | ||
| 650 | _aSOCIAL HOUSING | ||
| 650 | _aRESIDENTIAL | ||
| 690 | _aHOUSING | ||
| 856 | 4 | 0 |
_uhttps://www.shelter.org.uk _zView the website free of charge at www.shelter.org.uk... |
| 942 | _n0 | ||
| 999 |
_c119549 _d119549 |
||